| 000 | 01257nam a22002777a 4500 | ||
|---|---|---|---|
| 005 | 20170124103132.0 | ||
| 010 | _aB-093236 | ||
| 020 | _c160.00 | ||
| 035 | _aB-093236 | ||
| 037 | _bCen Lib/Ret | ||
| 040 |
_aDPL _bHN |
||
| 082 |
_a613.7 _bश्रीधर |
||
| 100 |
_aश्रीधरन, ओ. के. _944189 |
||
| 245 |
_aयोग और सम्मोहन : _cओ. के. श्रीधरन; अनुवादक सुप्रिया भारतीयन _bएकत्व की राह / |
||
| 246 |
_aYog aur sammohan : ektav ki rah / _bby O. K. Shridharan;anuvadak Supriya Bhartiyan |
||
| 260 |
_aमुंबई _bभारतीय विधा भवन _c2002 |
||
| 270 |
_aकुलपति मुंशी मार्ग _bमुंबई _e400001 |
||
| 300 |
_axvi,163पृ. _c21सेमी(सजिल्द) _bसचित्र |
||
| 500 | _aअनुक्रमणिका शामिल | ||
| 650 |
_aयोग _984525 |
||
| 650 |
_aयोग और सम्मोहन _943165 |
||
| 650 |
_ayoga _984526 |
||
| 650 |
_aYoga and Hypnosis _984527 |
||
| 700 |
_aभारतीयन, सुप्रिया _984528 |
||
| 942 |
_2ddc _cHN _h613.7 _mश्रीधर |
||
| 999 |
_c119362 _d119362 |
||